|
|
|
|
| LEADER |
01730nam a2200409 a 4500 |
| 001 |
EBC717490 |
| 003 |
MiAaPQ |
| 005 |
20200520144314.0 |
| 006 |
m o d | |
| 007 |
cr cn||||||||| |
| 008 |
101217s2011 mauab sb 001 0 eng d |
| 010 |
|
|
|z 2010051435
|
| 020 |
|
|
|z 9789004194663 (pbk. : alk. paper)
|
| 020 |
|
|
|a 9789004214873 (electronic bk.)
|
| 035 |
|
|
|a (MiAaPQ)EBC717490
|
| 035 |
|
|
|a (Au-PeEL)EBL717490
|
| 035 |
|
|
|a (CaPaEBR)ebr10470510
|
| 035 |
|
|
|a (CaONFJC)MIL312120
|
| 035 |
|
|
|a (OCoLC)727950241
|
| 040 |
|
|
|a MiAaPQ
|c MiAaPQ
|d MiAaPQ
|
| 043 |
|
|
|a a-ja---
|
| 050 |
|
4 |
|a HD9330.P663
|b C43 2011
|
| 082 |
0 |
4 |
|a 338.4/764182480952
|2 22
|
| 100 |
1 |
|
|a Ceccarini, Rossella.
|
| 245 |
1 |
0 |
|a Pizza and pizza chefs in Japan
|h [electronic resource] :
|b a case of culinary globalization /
|c by Rossella Ceccarini.
|
| 260 |
|
|
|a Boston :
|b Brill,
|c c2011.
|
| 300 |
|
|
|a xii, 160 p. :
|b ill. (some col.), map.
|
| 490 |
1 |
|
|a Social sciences in Asia,
|x 1567-2794 ;
|v v. 31
|
| 504 |
|
|
|a Includes bibliographical references and index.
|
| 505 |
0 |
|
|a Introduction -- The cultural object : pizza -- The social world : Italian restaurants -- The receiver : the consumer -- The creator : the pizzaiolo -- Conclusion : towards new understandings of food glocalization.
|
| 533 |
|
|
|a Electronic reproduction. Ann Arbor, MI : ProQuest, 2015. Available via World Wide Web. Access may be limited to ProQuest affiliated libraries.
|
| 650 |
|
0 |
|a Pizza industry
|z Japan.
|
| 650 |
|
0 |
|a Ethnic food industry
|z Japan.
|
| 655 |
|
4 |
|a Electronic books.
|
| 710 |
2 |
|
|a ProQuest (Firm)
|
| 830 |
|
0 |
|a Social sciences in Asia ;
|v v. 31.
|
| 856 |
4 |
0 |
|u https://ebookcentral.proquest.com/lib/matrademy/detail.action?docID=717490
|z Click to View
|